000 00840nam a2200217 a 4500
001 000044851
005 20201002045658.0
008 100312s2014 dr a 000 0 spa d
040 _aDO-SdBNP
_bspa
_cBNPHU
082 _axxx
_bR426p
110 1 _aRepública Dominicana
_bMinisterio de Educación
_bDirección General de Educación de personas jovenes y Adultas
_972864
245 1 0 _aPrograma de formación de alfabetizadores y alfabetizadoras /.
260 _aSanto Domingo :
_bMinisterio de Educación,
_c2014.
300 _a[16] p. :
_bil. ;
_c27 cm.
490 1 _aQuisqueya aprende contigo
500 _aPlan nacional de alfabetización
590 _aInventariado, 2018/ YL
650 4 _aAlfabetización de adultos
_zRepública Dominicana
_937554
650 4 _aEducación de adultos
_91419
830 0 _aQuisqueya aprende contigo
_972865
999 _c44340
_d44340